| 000 | 00000nam 2200000za 4500 |
| 001 | 9.857316 |
| 003 | CaOODSP |
| 005 | 20221107155730 |
| 007 | cr ||||||||||| |
| 008 | 180604s2018 quc o f000 0 eng d |
| 020 | |a9780660267920 |
| 040 | |aCaOODSP|beng |
| 043 | |an-cn--- |
| 086 | 1 |aEm12-47/2018E-PDF |
| 245 | 00|aNew Horizons for Seniors Program – community-based projects (up to $5,000) |h[electronic resource] : |bapplicant guide 2018-2019. |
| 260 | |a[Gatineau, QC] : |bEmployment and Social Development Canada, |cc2018. |
| 300 | |a31 p. |
| 500 | |aIssued also in French under title: Nouveaux Horizons pour les aînés - projets communautaires (jusqu'à 5 000$) : guide du demandeur 2018-2019. |
| 500 | |a"Pilot project - application process for funding (small grant)". |
| 520 | |a"The New Horizons for Seniors Program (NHSP) provides funding to organizations that want to help seniors make a difference in the lives of others and in their communities.This year, NHSP proposes a new way to partner with organizations that serve vulnerable seniors population. In support of the Government of Canada’s commitment to focus on vulnerable populations, particularly, seniors, a small grant pilot project is offered and eligible organizations can receive up to $5,000 per project." -- Overview, p. 2. |
| 692 | 07|2gccst|aCommunity partnerships |
| 692 | 07|2gccst|aCommunity programs |
| 692 | 07|2gccst|aSeniors |
| 710 | 1 |aCanada. |bEmployment and Social Development Canada. |
| 775 | 08|tProgramme Nouveaux Horizons pour les aînés - projets communautaires (jusqu'à 5 000$) : |w(CaOODSP)9.857318 |
| 856 | 40|qPDF|s681 KB|uhttps://publications.gc.ca/collections/collection_2018/edsc-esdc/HS40-1-2018-1-eng.pdf |
| 986 | |aESDC Cat. No. : SSD-211-06-18E |